El rollo y el códice: un estudio del origen y el método de la iluminación de textos
Guardat en:
| Autor principal: | |
|---|---|
| Format: | Llibre |
| Idioma: | espanyol |
| Publicat: |
Madrid
Nerea
1990
|
| Matèries: | |
| Etiquetes: |
Afegir etiqueta
Sense etiquetes, Sigues el primer a etiquetar aquest registre!
|
MARC
| LEADER | 00000nam a2200000 a 4500 | ||
|---|---|---|---|
| 001 | UCT5942 | ||
| 003 | CL-VaPUC | ||
| 008 | 961223e19900000SP |||||||||||||||||spa|d | ||
| 082 | 0 | 4 | |a 745.67 |b WEI |2 21 |
| 100 | 0 | |a Weitzmann, Kurt |e author |9 375574 | |
| 245 | 1 | 3 | |a El rollo y el códice: un estudio del origen y el método de la iluminación de textos |
| 300 | |a 264 p | ||
| 942 | |c BK | ||
| 945 | |d 19961223 00:00:00 |a rleighto | ||
| 260 | |a Madrid |b Nerea |c 1990 | ||
| 650 | 0 | |a Artes decorativas |9 266306 | |
| 650 | 7 | |a ILUMINACION DE LIBROS Y MANUSCRITOS |2 CL-VaPUC |9 332657 | |
| 650 | 0 | |a Manuscritos |9 313680 | |
| 583 | |a last modification |c 19961223 00:00:00 |k Rodrigo Vera | ||
| 999 | |c 254710 |d 254708 | ||
| 952 | |0 0 |1 0 |4 0 |6 745_670000000000000_WEI_1990 |7 0 |8 A |9 276567 |a BIBARQ |b BIBARQ |d 2019-11-19 |i 326369K |o 745.67 WEI 1990 |p 326369K |r 2025-01-20 |w 2019-11-19 |y BK |k ARQ | ||